<?xml version="1.0" encoding="UTF-8"?>
<collection xmlns="http://www.loc.gov/MARC21/slim">
 <record>
  <leader>00567pamaa2200169   4500</leader>
  <controlfield tag="001">0000023841</controlfield>
  <controlfield tag="005">20091015090000.0</controlfield>
  <datafield tag="020" ind1="0" ind2="0">
   <subfield code="a">9837403977 </subfield>
  </datafield>
  <datafield tag="082" ind1=" " ind2=" ">
   <subfield code="a">499.28 ABD 1995</subfield>
  </datafield>
  <datafield tag="090" ind1="0" ind2="0">
   <subfield code="a">PL5115 </subfield>
   <subfield code="b">ABD 1995</subfield>
  </datafield>
  <datafield tag="100" ind1="1" ind2="0">
   <subfield code="a">ABDUL RAHMAN ABDUL RASHID </subfield>
  </datafield>
  <datafield tag="245" ind1="1" ind2="0">
   <subfield code="a">Bahasa Melayu : </subfield>
   <subfield code="b">bahasa dalam komunikasi dan proses komunikasi  </subfield>
   <subfield code="c">Abdul Rahman Abdul Rashid and Hajah Wan Som Mamat.</subfield>
  </datafield>
  <datafield tag="260" ind1="0" ind2="0">
   <subfield code="a">Petaling jaya: </subfield>
   <subfield code="b">Longman Malaysia, </subfield>
   <subfield code="c">1995.</subfield>
  </datafield>
  <datafield tag="300" ind1=" " ind2=" ">
   <subfield code="a">xii, 163p.; </subfield>
   <subfield code="c">24cm.</subfield>
  </datafield>
  <datafield tag="440" ind1="0" ind2="0">
   <subfield code="a">Siri Pendidikan Longman</subfield>
  </datafield>
  <datafield tag="650" ind1="0" ind2="0">
   <subfield code="a">Malay language -- </subfield>
   <subfield code="x">Communications </subfield>
  </datafield>
  <datafield tag="700" ind1="1" ind2="1">
   <subfield code="a">Wan Som Mamat </subfield>
  </datafield>
 </record>
</collection>
